000 00676cam a22001814a 4500
005 20250605164206.0
008 250528s ||||||||||||||||||||||||d
035 _a20026
020 _a10504109
040 _aGR-AtMCL
_bgre
_dGR-AtMCL
_eAACR2
245 1 _aThe American Review of International Arbitration / 1995/ Vol.6 No.3
260 _bParker School Of Foreign And Comparative Law,
_c1995
520 _aThe Uncitral Model Law in State and Federal Courts: The Case of Waiver, Competition Law Issues in International Commercial Arbitration: An Arbitrator's Viewpoint.
710 2 _aColumbia University
_99776
942 _cBK
999 _c5209
_d5209